Проблемы "бегства" капитала из России: пути решения; Экономика России в XXI веке; Т. 1

Bibliografiske detaljer
Parent link:Экономика России в XXI веке: сборник научных трудов XI Международной научно-практической конференции "Экономические науки и прикладные исследования: фундаментальные проблемы модернизации экономики России", посвященной 110-летию экономического образования в Томском политехническом университете, г. Томск, 18-22 ноября 2014 г./ Национальный исследовательский Томский политехнический университет (ТПУ) ; ред. кол. Г. А. Барышева [и др.].— , 2014
Т. 1.— 2014.— [С. 238-242]
Hovedforfatter: Начкебия Е. М.
Institution som forfatter: Национальный исследовательский Томский политехнический университет (ТПУ) Институт социально-гуманитарных технологий (ИСГТ) Кафедра экономики (ЭКОН)
Andre forfattere: Ермушко Ж. А. Жанна Александровна (научный руководитель)
Summary:Заглавие с титульного экрана
На данный момент одной из главных проблем России является неконтролируемый отток капитала из страны. В статье рассмотрены масштабы "бегства" капитала за 2014 год, определены основные причины, приведшие к сложившейся ситуации. Рассмотрена и оценена политика государства по борьбе с оттоком капиталы из страны. Также был выдвинут ряд рекомендаций по изменению реализуемой экономической политики для устранения причин вывода капитала.
Sprog:russisk
Udgivet: 2014
Serier:Государственное управление трансформационными процессами в экономике
Fag:
Online adgang:http://www.lib.tpu.ru/fulltext/c/2014/C40/V1/046.pdf
Format: MixedMaterials Electronisk Book Chapter
KOHA link:https://koha.lib.tpu.ru/cgi-bin/koha/opac-detail.pl?biblionumber=610047

MARC

LEADER 00000naa2a2200000 4500
001 610047
005 20260331125604.0
035 |a (RuTPU)RU\TPU\conf\7622 
035 |a RU\TPU\conf\7615 
090 |a 610047 
100 |a 20141222d2014 k y0rusy50 ca 
101 0 |a rus 
102 |a RU 
135 |a drgn ---uucaa 
181 0 |a i  
182 0 |a b 
200 1 |a Проблемы "бегства" капитала из России: пути решения  |f Е. М. Начкебия  |g науч. рук. Ж. А. Ермушко 
203 |a Текст  |c электронный 
225 1 |a Государственное управление трансформационными процессами в экономике 
300 |a Заглавие с титульного экрана 
320 |a [Библиогр.: с. 241-242 (9 назв.)] 
330 |a На данный момент одной из главных проблем России является неконтролируемый отток капитала из страны. В статье рассмотрены масштабы "бегства" капитала за 2014 год, определены основные причины, приведшие к сложившейся ситуации. Рассмотрена и оценена политика государства по борьбе с оттоком капиталы из страны. Также был выдвинут ряд рекомендаций по изменению реализуемой экономической политики для устранения причин вывода капитала. 
337 |a Adobe Reader 
461 1 |0 (RuTPU)RU\TPU\conf\7533  |t Экономика России в XXI веке  |o сборник научных трудов XI Международной научно-практической конференции "Экономические науки и прикладные исследования: фундаментальные проблемы модернизации экономики России", посвященной 110-летию экономического образования в Томском политехническом университете, г. Томск, 18-22 ноября 2014 г.  |o в 2 т.  |f Национальный исследовательский Томский политехнический университет (ТПУ) ; ред. кол. Г. А. Барышева [и др.]  |d 2014 
463 0 |0 (RuTPU)RU\TPU\conf\7535  |t Т. 1  |v [С. 238-242]  |d 2014 
610 1 |a труды учёных ТПУ 
610 1 |a электронный ресурс 
610 1 |a капитал 
610 1 |a Россия 
610 1 |a отток 
610 1 |a политика государств 
610 1 |a экономическая политика 
610 1 |a кризисы 
610 1 |a национальные интересы 
700 1 |a Начкебия  |b Е. М. 
702 1 |a Ермушко  |b Ж. А.  |c экономист  |c доцент Томского политехнического университета, кандидат экономических наук  |f 1965-  |g Жанна Александровна  |4 727 
712 0 2 |a Национальный исследовательский Томский политехнический университет (ТПУ)  |b Институт социально-гуманитарных технологий (ИСГТ)  |b Кафедра экономики (ЭКОН)  |3 (RuTPU)RU\TPU\col\18375 
801 2 |a RU  |b 63413507  |c 20141222  |g RCR 
856 4 |u http://www.lib.tpu.ru/fulltext/c/2014/C40/V1/046.pdf 
942 |c BK